[Event "MEDOSZ Hotel 2010"]
[Site "Budapest"]
[Date "2010.10.26"]
[Round "1"]
[White "Farkas, Richard"]
[Black "Molnar, Marton Marcello"]
[Result "1-0"]
[WhiteElo "1960"]
[BlackElo "1992"]
[PlyCount "57"]
[EventDate "2010.10.26"]

1. e4 c5 2. Nc3 d6 3. g3 g6 4. Bg2 Bg7 5. d3 Nf6 6. f4 Nc6 7. Nf3 O-O 8. O-O
Qb6 9. Rb1 e6 10. Be3 Ng4 11. Qd2 Nxe3 12. Qxe3 Nd4 13. Qd2 Bd7 14. Nh4 Rac8
15. Kh1 Bc6 16. Nd1 f5 17. c3 Nb5 18. Ne3 Qa6 19. Ra1 Rfd8 20. exf5 gxf5 21. g4
fxg4 22. Nxg4 Nc7 23. f5 h5 24. f6 Qa4 25. Rf4 Bxg2+ 26. Kg1 Qc6 27. f7+ Kh8
28. Rf6 Bf8 29. Ng6+ 1-0

[Event "MEDOSZ Hotel 2010"]
[Site "Budapest"]
[Date "2010.10.26"]
[Round "1"]
[White "Mayer, Istvan"]
[Black "Gruz, Janos"]
[Result "1/2-1/2"]
[WhiteElo "2079"]
[BlackElo "1951"]
[PlyCount "41"]
[EventDate "2010.10.26"]

1. e4 c5 2. Nf3 d6 3. d4 cxd4 4. Nxd4 Nf6 5. Nc3 g6 6. Be2 Bg7 7. O-O O-O 8.
Kh1 Nc6 9. f4 Qb6 10. Nxc6 bxc6 11. Bf3 Rb8 12. e5 Ne8 13. Re1 Be6 14. Qd3 Nc7
15. Rb1 d5 16. Be3 c5 17. Na4 Qa5 18. Nxc5 Rxb2 19. Nxe6 fxe6 20. a3 Rfb8 21.
Ra1 1/2-1/2

[Event "MEDOSZ Hotel 2010"]
[Site "Budapest"]
[Date "2010.10.26"]
[Round "1"]
[White "Sebestyen, Balazs"]
[Black "Dombai, Istvan"]
[Result "1-0"]
[WhiteElo "2227"]
[BlackElo "2163"]
[PlyCount "61"]
[EventDate "2010.10.26"]

1. Nf3 Nf6 2. g3 g6 3. Bg2 Bg7 4. O-O O-O 5. d4 d6 6. c4 Nbd7 7. Nc3 a6 8. b3
c5 9. Bb2 Rb8 10. a4 Re8 11. Qc2 cxd4 12. Nxd4 Ne5 13. Rad1 Bd7 14. e4 Qc8 15.
Qe2 Bh3 16. f4 Bxg2 17. Kxg2 Nc6 18. Nf3 Na5 19. e5 dxe5 20. fxe5 Ng4 21. Nd5
e6 22. Nf6+ Nxf6 23. exf6 Bf8 24. Ne5 Rd8 25. Rxd8 Qxd8 26. Rd1 Qe8 27. Nd7 Rd8
28. Nxf8 Qxf8 29. Ba3 Qe8 30. Qe3 Qc6+ 31. Kh3 1-0

[Event "MEDOSZ Hotel 2010"]
[Site "Budapest"]
[Date "2010.10.26"]
[Round "1"]
[White "Torok, Tamas Titusz"]
[Black "Koczo, Kristof"]
[Result "1-0"]
[WhiteElo "2074"]
[BlackElo "2189"]
[PlyCount "53"]
[EventDate "2010.10.26"]

1. e4 c6 2. c4 d5 3. cxd5 cxd5 4. exd5 Nf6 5. Qa4+ Nbd7 6. Nc3 g6 7. Nf3 Bg7 8.
Bc4 O-O 9. d3 a6 10. Qa3 Qc7 11. O-O Ne5 12. Nxe5 Qxe5 13. d4 Qxd4 14. Bb3 Qe5
15. h3 Bf5 16. Be3 b5 17. Rfe1 Ne4 18. Bc5 Nxc5 19. Rxe5 Nxb3 20. Rae1 Nd4 21.
Qxe7 b4 22. Ne4 b3 23. axb3 Rab8 24. Nf6+ Kh8 25. Rd1 Rb6 26. Rxd4 Rxf6 27. d6
1-0

[Event "MEDOSZ Hotel 2010"]
[Site "Budapest"]
[Date "2010.10.26"]
[Round "1"]
[White "Zala, Gyula"]
[Black "Schenkerik, Csaba"]
[Result "0-1"]
[WhiteElo "2023"]
[BlackElo "2127"]
[PlyCount "58"]
[EventDate "2010.10.26"]

1. a3 Nf6 2. d4 g6 3. e3 Bg7 4. Bd3 O-O 5. Nd2 d6 6. c3 Nbd7 7. f4 e5 8. Ngf3
Re8 9. e4 exf4 10. O-O b6 11. Re1 Bb7 12. Qc2 Nh5 13. Nf1 Qf6 14. Qe2 h6 15. b4
Re7 16. Bb2 Rae8 17. N3d2 Qh4 18. Qd1 f5 19. Nf3 Qf6 20. Qb3+ Kf8 21. exf5 gxf5
22. N1d2 Rxe1+ 23. Rxe1 Rxe1+ 24. Nxe1 Qe7 25. Kf1 Ndf6 26. Bxf5 Nd5 27. Bh3
Ne3+ 28. Kg1 Bd5 29. Qa4 Nc4 0-1

[Event "MEDOSZ Hotel 2010"]
[Site "Budapest"]
[Date "2010.10.27"]
[Round "2"]
[White "Gruz, Janos"]
[Black "Farkas, Richard"]
[Result "1/2-1/2"]
[WhiteElo "1951"]
[BlackElo "1960"]
[PlyCount "57"]
[EventDate "2010.10.26"]

1. Nf3 d5 2. d4 c5 3. c3 Nf6 4. dxc5 e6 5. b4 a5 6. a4 b6 7. Qb3 bxc5 8. b5 Bd6
9. e3 O-O 10. c4 Nbd7 11. Bb2 Nb6 12. Nbd2 Re8 13. Ne5 Qc7 14. Ndf3 Ne4 15. Bd3
f6 16. Nc6 Bd7 17. Bxe4 dxe4 18. Nd2 Bxc6 19. bxc6 Qxc6 20. Qc2 f5 21. Qc3 Qc7
22. g3 Nc8 23. O-O Na7 24. Rfd1 Nc6 25. f4 exf3 26. Nxf3 Bxg3 27. Kg2 Bxh2 28.
Nxh2 Rad8 29. Nf3 1/2-1/2

[Event "MEDOSZ Hotel 2010"]
[Site "Budapest"]
[Date "2010.10.27"]
[Round "2"]
[White "Koczo, Kristof"]
[Black "Sebestyen, Balazs"]
[Result "0-1"]
[WhiteElo "2189"]
[BlackElo "2227"]
[PlyCount "124"]
[EventDate "2010.10.26"]

1. e4 c5 2. Nc3 e6 3. g3 Nc6 4. Bg2 g6 5. d3 Bg7 6. Nge2 Nge7 7. Be3 d6 8. f4
Rb8 9. O-O O-O 10. Qd2 f5 11. Rae1 Nd4 12. Nd1 b6 13. c3 Nxe2+ 14. Rxe2 fxe4
15. Bxe4 e5 16. Bg2 Nf5 17. Qe1 Ba6 18. c4 Bb7 19. fxe5 Bxg2 20. Kxg2 dxe5 21.
Rd2 h5 22. h4 Kh7 23. Bg5 Qd4 24. b3 Bh6 25. Bxh6 Kxh6 26. Qe4 Rbd8 27. Qxd4
Rxd4 28. Kh3 e4 29. Nb2 Rfd8 30. Rf4 e3 31. Rxd4 Rxd4 32. Re2 Kg7 33. Kh2 Kf6
34. Kh3 Rg4 35. Rg2 Ke5 36. a3 Kd4 37. b4 cxb4 38. axb4 Kc3 39. b5 Kd4 40. Kh2
Nxg3 41. Rg1 Nf5 42. Rxg4+ hxg4 43. Kg2 Kc3 44. Nd1+ Kd2 45. Nxe3 Kxe3 46. d4
Kxd4 47. c5 Kxc5 48. Kf2 Kxb5 49. Ke2 g3 50. Kf3 a5 51. h5 gxh5 52. Kg2 h4 53.
Kf1 h3 54. Kg1 a4 55. Kf1 a3 56. Ke2 h2 57. Kd3 h1=Q 58. Kc3 Qf3+ 59. Kc2 g2
60. Kd2 g1=R 61. Kc2 Rg2+ 62. Kc1 Qf1# 0-1

[Event "MEDOSZ Hotel 2010"]
[Site "Budapest"]
[Date "2010.10.27"]
[Round "2"]
[White "Molnar, Marton Marcello"]
[Black "Torok, Tamas Titusz"]
[Result "1/2-1/2"]
[WhiteElo "1992"]
[BlackElo "2074"]
[PlyCount "44"]
[EventDate "2010.10.26"]

1. c4 b6 2. d4 e6 3. Nf3 Bb7 4. Nc3 d5 5. g3 Nf6 6. Bg2 dxc4 7. Qa4+ Nbd7 8.
Qxc4 c5 9. O-O cxd4 10. Qxd4 Bc5 11. Qh4 O-O 12. e4 e5 13. Rd1 h6 14. Nxe5 Nxe5
15. Rxd8 Raxd8 16. Qf4 Nd3 17. Qf3 Nxf2 18. Be3 Rd3 19. Bxc5 Rxf3 20. Bxf8 Nh3+
21. Kh1 Nf2+ 22. Kg1 Nh3+ 1/2-1/2

[Event "MEDOSZ Hotel 2010"]
[Site "Budapest"]
[Date "2010.10.27"]
[Round "2"]
[White "Schenkerik, Csaba"]
[Black "Mayer, Istvan"]
[Result "1/2-1/2"]
[WhiteElo "2127"]
[BlackElo "2079"]
[PlyCount "33"]
[EventDate "2010.10.26"]

1. e4 e6 2. d3 d5 3. Nd2 b6 4. Ngf3 Bb7 5. g3 Nd7 6. Bg2 dxe4 7. dxe4 e5 8. O-O
Ngf6 9. Re1 Bc5 10. Nb3 Be7 11. Nh4 Nc5 12. Qxd8+ Rxd8 13. Nf5 Ne6 14. Bd2 g6
15. Nxe7 Kxe7 16. Bc3 Nd7 17. Rad1 1/2-1/2

[Event "MEDOSZ Hotel 2010"]
[Site "Budapest"]
[Date "2010.10.28"]
[Round "3"]
[White "Dombai, Istvan"]
[Black "Koczo, Kristof"]
[Result "0-1"]
[WhiteElo "2163"]
[BlackElo "2189"]
[PlyCount "70"]
[EventDate "2010.10.26"]

1. d4 d5 2. Nf3 e6 3. e3 c5 4. c3 Nc6 5. Bd3 Nf6 6. Ne5 Nxe5 7. dxe5 Nd7 8. f4
Be7 9. O-O O-O 10. e4 Nb6 11. exd5 Qxd5 12. Qc2 g6 13. Be4 Qd7 14. Rd1 Qc7 15.
a4 Bd7 16. a5 Nd5 17. Bxd5 exd5 18. Rxd5 Bf5 19. Qa4 c4 20. Be3 Rad8 21. Rxd8
Rxd8 22. Bd4 Bc5 23. Na3 Rxd4 24. cxd4 Bxd4+ 25. Kh1 Bxb2 26. Rd1 c3 27. Nc2
Qe7 28. h3 Kg7 29. Ne3 Be6 30. Rd6 Qh4 31. Kh2 c2 32. Nxc2 Bxe5 33. Rd1 Bxf4+
34. Kh1 Qg3 35. Kg1 Bxh3 0-1

[Event "MEDOSZ Hotel 2010"]
[Site "Budapest"]
[Date "2010.10.28"]
[Round "3"]
[White "Farkas, Richard"]
[Black "Schenkerik, Csaba"]
[Result "1/2-1/2"]
[WhiteElo "1960"]
[BlackElo "2127"]
[PlyCount "74"]
[EventDate "2010.10.26"]

1. e4 Nf6 2. e5 Nd5 3. d4 d6 4. c4 Nb6 5. exd6 exd6 6. Bd3 Be7 7. Ne2 O-O 8.
O-O Re8 9. Qc2 g6 10. Bh6 d5 11. c5 N6d7 12. f4 f5 13. Nd2 Nf6 14. h3 Ne4 15.
Nf3 Be6 16. b4 c6 17. Ne5 Nd7 18. a4 Ndf6 19. g3 Kh8 20. Bg5 Kg7 21. b5 Qc7 22.
Rfb1 h6 23. Bxf6+ Bxf6 24. a5 Bxe5 25. fxe5 g5 26. a6 cxb5 27. axb7 Qxb7 28.
Rxb5 Qf7 29. c6 Re7 30. Bxe4 fxe4 31. g4 Qf3 32. Rb3 e3 33. Rb7 Qf2+ 34. Kh1
Qf3+ 35. Kg1 Qf2+ 36. Kh1 Qf3+ 37. Kg1 Qf2+ 1/2-1/2

[Event "MEDOSZ Hotel 2010"]
[Site "Budapest"]
[Date "2010.10.28"]
[Round "3"]
[White "Sebestyen, Balazs"]
[Black "Molnar, Marton Marcello"]
[Result "1-0"]
[WhiteElo "2227"]
[BlackElo "1992"]
[PlyCount "29"]
[EventDate "2010.10.26"]

1. c4 Nf6 2. Nc3 e6 3. e4 d6 4. d4 g6 5. Bg5 Bg7 6. Qc2 Nc6 7. Nf3 e5 8. dxe5
dxe5 9. Rd1 Nd4 10. Nxd4 exd4 11. Nb5 c5 12. e5 Bf5 13. Bd3 Bxd3 14. Rxd3 O-O
15. O-O 1-0

[Event "MEDOSZ Hotel 2010"]
[Site "Budapest"]
[Date "2010.10.28"]
[Round "3"]
[White "Torok, Tamas Titusz"]
[Black "Gruz, Janos"]
[Result "1/2-1/2"]
[WhiteElo "2074"]
[BlackElo "1951"]
[PlyCount "80"]
[EventDate "2010.10.26"]

1. e4 c5 2. c3 d5 3. exd5 Qxd5 4. d4 cxd4 5. cxd4 Nc6 6. Nf3 Bg4 7. Be2 e6 8.
Nc3 Bb4 9. O-O Qd8 10. d5 exd5 11. Nxd5 Bd6 12. Bg5 f6 13. Be3 Nge7 14. Nxe7
Qxe7 15. Qb3 Be6 16. Bc4 Bxc4 17. Qxc4 Qf7 18. Qe4+ Qe7 19. Qd5 O-O-O 20. Qc4
Kb8 21. Rfe1 Qc7 22. Rac1 g5 23. Qa4 Qa5 24. Qxa5 Nxa5 25. Nd4 Be5 26. Red1 Rc8
27. b3 Rhd8 28. Rxc8+ Rxc8 29. g3 g4 30. Nf5 h5 31. Ng7 Rh8 32. Nf5 Nc6 33. f4
gxf3 34. Kf2 Kc7 35. Kxf3 a6 36. Bf4 Rg8 37. h3 Rh8 38. Ne3 Kc8 39. Nf5 Kc7 40.
Ne3 Kc8 1/2-1/2

[Event "MEDOSZ Hotel 2010"]
[Site "Budapest"]
[Date "2010.10.29"]
[Round "4"]
[White "Gruz, Janos"]
[Black "Sebestyen, Balazs"]
[Result "0-1"]
[WhiteElo "1951"]
[BlackElo "2227"]
[PlyCount "42"]
[EventDate "2010.10.26"]

1. d4 e6 2. c4 Bb4+ 3. Nc3 f5 4. a3 Bxc3+ 5. bxc3 Nf6 6. Nf3 O-O 7. e3 b6 8. d5
Bb7 9. dxe6 dxe6 10. Qxd8 Rxd8 11. Nd4 Kf7 12. f3 c5 13. Nb3 Nc6 14. Bb2 Ne5
15. Rd1 g5 16. Be2 Rxd1+ 17. Kxd1 g4 18. Rg1 gxf3 19. gxf3 Bxf3 20. Bxf3 Nxf3
21. Rg3 Nxh2 0-1

[Event "MEDOSZ Hotel 2010"]
[Site "Budapest"]
[Date "2010.10.29"]
[Round "4"]
[White "Molnar, Marton Marcello"]
[Black "Dombai, Istvan"]
[Result "1-0"]
[WhiteElo "1992"]
[BlackElo "2163"]
[PlyCount "97"]
[EventDate "2010.10.26"]

1. c4 Nf6 2. Nf3 g6 3. g3 Bg7 4. Bg2 O-O 5. Nc3 d6 6. O-O Nbd7 7. d3 e5 8. Bg5
h6 9. Bd2 c6 10. b4 a6 11. a4 Qc7 12. Rb1 a5 13. b5 Nc5 14. Qc2 Bf5 15. Nh4 Bd7
16. e3 g5 17. d4 gxh4 18. dxc5 dxc5 19. bxc6 Bxc6 20. Nd5 Bxd5 21. cxd5 Rab8
22. gxh4 b6 23. Qf5 Qd7 24. Qxe5 Qxa4 25. e4 Rfe8 26. Qg3 Nxe4 27. Bxe4 Qxe4
28. Bf4 Rb7 29. Rbe1 Qxe1 30. Rxe1 Rxe1+ 31. Kg2 Kh8 32. Qg4 Re8 33. d6 Rd8 34.
Qh5 Kh7 35. Qf5+ Kg8 36. Qd5 Rdd7 37. Qc6 f5 38. Kf3 Rf7 39. Ke2 a4 40. Qxa4 b5
41. Qb3 Kh7 42. h5 c4 43. Qg3 Kg8 44. Qg6 Kf8 45. Qh7 Ke8 46. Qg8+ Rf8 47. Qe6+
Kd8 48. Bxh6 Re8 49. Bg5+ 1-0

[Event "MEDOSZ Hotel 2010"]
[Site "Budapest"]
[Date "2010.10.29"]
[Round "4"]
[White "Zala, Gyula"]
[Black "Mayer, Istvan"]
[Result "0-1"]
[WhiteElo "2023"]
[BlackElo "2079"]
[PlyCount "52"]
[EventDate "2010.10.26"]

1. e4 e6 2. a3 d5 3. e5 c5 4. f4 Nc6 5. Nf3 Nge7 6. b4 cxb4 7. axb4 Nxb4 8. c3
Nbc6 9. d4 Nf5 10. Bd3 g6 11. O-O h5 12. Ra2 Be7 13. Qe1 Qb6 14. Rb2 Qc7 15.
Ng5 Bd7 16. h3 Na5 17. g4 hxg4 18. hxg4 Nh6 19. Rg2 Nc4 20. Rf3 O-O-O 21. Rh3
Qb6 22. Rxh6 Rxh6 23. Nxf7 Rh3 24. Rg3 Bh4 25. Rxh3 Bxe1 26. Nxd8 Kxd8 0-1

[Event "MEDOSZ Hotel 2010"]
[Site "Budapest"]
[Date "2010.10.30"]
[Round "5"]
[White "Dombai, Istvan"]
[Black "Gruz, Janos"]
[Result "1/2-1/2"]
[WhiteElo "2163"]
[BlackElo "1951"]
[PlyCount "53"]
[EventDate "2010.10.26"]

1. d4 d5 2. Nf3 e6 3. c4 c6 4. e3 f5 5. Bd3 Nf6 6. O-O Bd6 7. Qc2 O-O 8. Nbd2
Bd7 9. Rb1 Qe7 10. Ne5 Bxe5 11. dxe5 Ng4 12. Nf3 Be8 13. h3 Nh6 14. Nd4 Nd7 15.
f4 Nc5 16. cxd5 cxd5 17. b4 Nxd3 18. Qxd3 Rc8 19. b5 Qd7 20. Ba3 Rf7 21. Rfc1
g6 22. Rxc8 Qxc8 23. Rc1 Rc7 24. Rxc7 Qxc7 25. Nxe6 Qc4 26. Qxc4 dxc4 27. Nc7
1/2-1/2

[Event "MEDOSZ Hotel 2010"]
[Site "Budapest"]
[Date "2010.10.30"]
[Round "5"]
[White "Farkas, Richard"]
[Black "Zala, Gyula"]
[Result "0-1"]
[WhiteElo "1960"]
[BlackElo "2023"]
[PlyCount "146"]
[EventDate "2010.10.26"]

1. e4 g6 2. d4 c5 3. dxc5 Bg7 4. c3 Na6 5. Be3 Qc7 6. Bxa6 bxa6 7. Bd4 f6 8.
Nd2 Bb7 9. f3 Nh6 10. Ne2 Rb8 11. O-O Nf7 12. f4 O-O 13. Ng3 e5 14. fxe5 Nxe5
15. Nf3 Nc6 16. Qd3 Nxd4 17. cxd4 Bc6 18. Rf2 Bb5 19. Qc2 a5 20. Ne2 Bh6 21.
Nc3 Bc4 22. b3 Bf7 23. Re1 Qb7 24. Nd2 Bg7 25. Nc4 f5 26. Nd6 Qb4 27. Nxf7 Rxf7
28. e5 Qxd4 29. Rd1 Qxe5 30. Nd5 Re8 31. Rfd2 f4 32. Rf2 g5 33. Kf1 g4 34. Re2
Qxe2+ 35. Qxe2 Rxe2 36. Kxe2 Be5 37. Rd3 h5 38. h3 Kg7 39. hxg4 hxg4 40. Kf2
Kg6 41. Nc3 Kf5 42. Rd5 Rh7 43. Rd3 Rh1 44. Nd1 Ke4 45. Rxd7 Bd4+ 46. Ke2 f3+
47. gxf3+ gxf3+ 48. Kd2 Rh2+ 49. Ke1 Bxc5 50. Nc3+ Kf4 51. Rf7+ Kg4 52. Rg7+
Kh3 53. Rh7+ Kg2 54. Rg7+ Kh1 55. Nd5 Rg2 56. Rh7+ Kg1 57. Kd1 f2 58. Rf7 f1=Q+
59. Rxf1+ Kxf1 60. b4 Bxb4 61. Ne3+ Kf2 62. Nxg2 Kxg2 63. Kc2 Kf3 64. Kd3 Kf2
65. Kc2 Ke2 66. Kb3 Kd3 67. Kb2 Kc4 68. Kc2 Bf8 69. Kb2 Kb4 70. Kb1 Ka3 71. Ka1
Bg7+ 72. Kb1 a4 73. Kc2 Kxa2 0-1

[Event "MEDOSZ Hotel 2010"]
[Site "Budapest"]
[Date "2010.10.30"]
[Round "5"]
[White "Koczo, Kristof"]
[Black "Molnar, Marton Marcello"]
[Result "1-0"]
[WhiteElo "2189"]
[BlackElo "1992"]
[PlyCount "151"]
[EventDate "2010.10.26"]

1. d4 Nf6 2. c4 c5 3. d5 d6 4. Nc3 g6 5. e4 Bg7 6. h3 O-O 7. Bg5 e6 8. Bd3 exd5
9. cxd5 a6 10. a4 Qc7 11. Nf3 Nbd7 12. O-O c4 13. Bc2 Rb8 14. a5 b5 15. axb6
Rxb6 16. Ra2 Re8 17. Re1 Nh5 18. Qd2 Ne5 19. Nxe5 Rxe5 20. g4 Nf6 21. Be3 h5
22. f4 Re8 23. g5 Nd7 24. Bxb6 Qxb6+ 25. Kh2 Nc5 26. Na4 Qc7 27. Nxc5 Qxc5 28.
Ba4 Re7 29. Bc6 c3 30. Qc2 Bf5 31. bxc3 Qc4 32. Ra4 Qc5 33. Re2 Bc8 34. Qb3 Kh7
35. Qb4 Qxc3 36. Qxc3 Bxc3 37. Rc2 Bg7 38. Rb4 a5 39. Rb8 Ba6 40. e5 Bxe5 41.
fxe5 Rxe5 42. Rf2 Kg7 43. Ra8 Bd3 44. Ra7 Bf5 45. Bd7 Re7 46. Rb2 Bxd7 47. Rbb7
Re2+ 48. Kg3 Bf5 49. Rxf7+ Kg8 50. Rfe7 Rxe7 51. Rxe7 a4 52. Ra7 Bc2 53. h4 Bb3
54. Ra5 Kf7 55. Kf4 Ke7 56. Ke3 Kd7 57. Kd4 Kc7 58. Kc3 Kb6 59. Kb4 Bc2 60. Ra8
Kb7 61. Rg8 Kb6 62. Rg7 Bf5 63. Rf7 Bc2 64. Rd7 Be4 65. Rxd6+ Kc7 66. Kc5 Kb7
67. Rb6+ Ka7 68. d6 Bf5 69. Kc6 Be6 70. Rb4 a3 71. Ra4+ Kb8 72. Rxa3 Bc8 73.
Rb3+ Ka8 74. Kc7 Ba6 75. Ra3 Ka7 76. Ra5 1-0

[Event "MEDOSZ Hotel 2010"]
[Site "Budapest"]
[Date "2010.10.31"]
[Round "6"]
[White "Gruz, Janos"]
[Black "Koczo, Kristof"]
[Result "0-1"]
[WhiteElo "1951"]
[BlackElo "2189"]
[PlyCount "34"]
[EventDate "2010.10.26"]

1. d4 d5 2. Nf3 e6 3. Bf4 c5 4. c3 Nc6 5. e3 Bd6 6. Bg3 Nf6 7. Bd3 Ne4 8. Bxd6
Qxd6 9. Nbd2 f5 10. Rc1 O-O 11. O-O Bd7 12. c4 cxd4 13. exd4 Kh8 14. a3 Rf6 15.
b4 Rh6 16. b5 Nxd2 17. Qxd2 Nxd4 0-1

[Event "MEDOSZ Hotel 2010"]
[Site "Budapest"]
[Date "2010.10.31"]
[Round "6"]
[White "Mayer, Istvan"]
[Black "Farkas, Richard"]
[Result "1/2-1/2"]
[WhiteElo "2079"]
[BlackElo "1960"]
[PlyCount "39"]
[EventDate "2010.10.26"]

1. e4 e6 2. d4 d5 3. e5 c5 4. c3 Qb6 5. Nf3 Bd7 6. Bd3 Bb5 7. O-O Bxd3 8. Qxd3
Nc6 9. b3 Nge7 10. Be3 Nf5 11. Nbd2 Be7 12. g4 cxd4 13. cxd4 Nb4 14. Qb1 Nxe3
15. fxe3 Rc8 16. Rf2 O-O 17. e4 Nc2 18. Nc4 dxc4 19. Rxc2 cxb3 20. axb3 1/2-1/2

[Event "MEDOSZ Hotel 2010"]
[Site "Budapest"]
[Date "2010.10.31"]
[Round "6"]
[White "Schenkerik, Csaba"]
[Black "Dombai, Istvan"]
[Result "1/2-1/2"]
[WhiteElo "2127"]
[BlackElo "2163"]
[PlyCount "43"]
[EventDate "2010.10.26"]

1. d4 d5 2. Nf3 Nf6 3. c4 c6 4. cxd5 cxd5 5. Nc3 Nc6 6. Bf4 Bf5 7. e3 e6 8. Bd3
Bxd3 9. Qxd3 Bd6 10. Bxd6 Qxd6 11. O-O O-O 12. Rac1 Rfc8 13. h3 h6 14. Rfd1 a6
15. a3 b5 16. b4 Ne7 17. Ne2 Nd7 18. Rxc8+ Rxc8 19. Rc1 Rxc1+ 20. Nxc1 Nb6 21.
Nb3 Nc4 22. Nc5 1/2-1/2

[Event "MEDOSZ Hotel 2010"]
[Site "Budapest"]
[Date "2010.10.31"]
[Round "6"]
[White "Zala, Gyula"]
[Black "Torok, Tamas Titusz"]
[Result "1-0"]
[WhiteElo "2023"]
[BlackElo "2074"]
[PlyCount "59"]
[EventDate "2010.10.26"]

1. e4 e5 2. d4 exd4 3. Bd3 d6 4. f4 Nf6 5. Nf3 Bg4 6. O-O Be7 7. h3 Bxf3 8.
Qxf3 Nc6 9. a3 O-O 10. Nd2 a6 11. b4 Nd7 12. g4 g5 13. f5 Nce5 14. Qe2 f6 15.
Bb2 c5 16. Rf2 b5 17. c4 Nxd3 18. Qxd3 Ne5 19. Qf1 Qb6 20. Rc1 Rfc8 21. Nf3 h6
22. h4 Nxg4 23. hxg5 Nxf2 24. Kxf2 fxg5 25. Qh3 Qd8 26. bxc5 dxc5 27. e5 Bf8
28. f6 Qe8 29. Qf5 Kf7 30. e6+ 1-0

[Event "MEDOSZ Hotel 2010"]
[Site "Budapest"]
[Date "2010.11.01"]
[Round "7"]
[White "Koczo, Kristof"]
[Black "Schenkerik, Csaba"]
[Result "1-0"]
[WhiteElo "2189"]
[BlackElo "2127"]
[PlyCount "95"]
[EventDate "2010.10.26"]

1. d4 Nf6 2. c4 g6 3. Nc3 Bg7 4. e4 d6 5. h3 O-O 6. Bg5 c6 7. Qd2 Nbd7 8. Bd3
a6 9. a4 e5 10. d5 Nc5 11. Bc2 Qa5 12. Rb1 Qb4 13. b3 cxd5 14. cxd5 Bd7 15.
Nge2 Rfc8 16. f3 b5 17. g4 bxa4 18. Nxa4 Qxd2+ 19. Kxd2 Bxa4 20. bxa4 Rab8 21.
Nc3 Nfd7 22. Rxb8 Rxb8 23. Rb1 Rxb1 24. Nxb1 f6 25. Be3 Nb6 26. Na3 Ncxa4 27.
Bxa4 Nxa4 28. Kc2 Kf7 29. Kb3 Nc5+ 30. Bxc5 dxc5 31. Ka4 f5 32. Nc4 Kf6 33. h4
h6 34. Ka5 fxg4 35. fxg4 Bf8 36. Kxa6 Be7 37. Kb6 Kg7 38. h5 gxh5 39. gxh5 Kf6
40. d6 Bd8+ 41. Kxc5 Kg5 42. Nxe5 Kxh5 43. Nf7 Bh4 44. e5 Kg6 45. Nxh6 Kxh6 46.
e6 Kg7 47. Kc6 Kf8 48. Kd7 1-0

[Event "MEDOSZ Hotel 2010"]
[Site "Budapest"]
[Date "2010.11.01"]
[Round "7"]
[White "Molnar, Marton Marcello"]
[Black "Gruz, Janos"]
[Result "1-0"]
[WhiteElo "1992"]
[BlackElo "1951"]
[PlyCount "99"]
[EventDate "2010.10.26"]

1. c4 f5 2. Nc3 Nf6 3. d3 e6 4. g3 d5 5. Nf3 c6 6. Bg2 Bd6 7. O-O O-O 8. Rb1
Qe7 9. a3 Nbd7 10. b4 b6 11. Nd4 Bb7 12. b5 c5 13. Nc6 Bxc6 14. bxc6 Ne5 15.
cxd5 exd5 16. Nxd5 Nxd5 17. Bxd5+ Kh8 18. Bf4 Ng6 19. Bxd6 Qxd6 20. e4 f4 21.
d4 f3 22. dxc5 bxc5 23. Rb7 Ne5 24. Qa1 Rf6 25. Rfb1 Nxc6 26. Bxc6 Qxc6 27.
Rxa7 Rg8 28. Qe5 Qc8 29. Qh5 Qe6 30. Re1 Rgf8 31. Qg5 Rg8 32. Qh4 Qe5 33. Rd7
Qe6 34. Red1 c4 35. Rd8 c3 36. e5 Rff8 37. Rxf8 Rxf8 38. Qb4 Rc8 39. Qf4 c2 40.
Rc1 Qd5 41. h4 Rd8 42. Kh2 Qd1 43. g4 Qe2 44. Kg3 h6 45. Qe3 Rd3 46. Qf4 Rd8
47. g5 h5 48. g6 Re8 49. Qf5 Rxe5 50. Qf8# 1-0

[Event "MEDOSZ Hotel 2010"]
[Site "Budapest"]
[Date "2010.11.01"]
[Round "7"]
[White "Sebestyen, Balazs"]
[Black "Zala, Gyula"]
[Result "1-0"]
[WhiteElo "2227"]
[BlackElo "2023"]
[PlyCount "35"]
[EventDate "2010.10.26"]

1. d4 c5 2. d5 d6 3. e4 g6 4. Nc3 Bg7 5. f4 f5 6. Bb5+ Nd7 7. exf5 Bxc3+ 8.
bxc3 Qa5 9. Bd3 Qxc3+ 10. Bd2 Qg7 11. fxg6 hxg6 12. Nf3 Nb6 13. c4 Bg4 14. O-O
Bxf3 15. Qxf3 Nxc4 16. Bc3 Qh6 17. Bxh8 Nd2 18. Qh3 1-0

[Event "MEDOSZ Hotel 2010"]
[Site "Budapest"]
[Date "2010.11.01"]
[Round "7"]
[White "Torok, Tamas Titusz"]
[Black "Mayer, Istvan"]
[Result "1/2-1/2"]
[WhiteElo "2074"]
[BlackElo "2079"]
[PlyCount "38"]
[EventDate "2010.10.26"]

1. e4 e6 2. d4 d5 3. e5 c5 4. c3 Nc6 5. Nf3 Qb6 6. Be2 cxd4 7. cxd4 Nge7 8. Nc3
Nf5 9. Na4 Bb4+ 10. Kf1 Qd8 11. a3 Be7 12. b4 a6 13. Nc5 O-O 14. Bd3 Nh4 15.
Nxh4 Bxh4 16. Qh5 g6 17. Qg4 b6 18. Nb3 Be7 19. Bh6 f5 1/2-1/2

[Event "MEDOSZ Hotel 2010"]
[Site "Budapest"]
[Date "2010.11.02"]
[Round "8"]
[White "Farkas, Richard"]
[Black "Torok, Tamas Titusz"]
[Result "1/2-1/2"]
[WhiteElo "1960"]
[BlackElo "2074"]
[PlyCount "49"]
[EventDate "2010.10.26"]

1. e4 d5 2. exd5 c6 3. dxc6 Nxc6 4. Nf3 e5 5. d3 Bd6 6. g3 Nge7 7. Bg2 O-O 8.
Nbd2 f5 9. O-O h6 10. Nc4 Bc7 11. Qe2 Ng6 12. Bd2 Be6 13. Bc3 Bxc4 14. dxc4 Qe7
15. Rad1 Rae8 16. Rfe1 Kh8 17. a3 a5 18. Rd5 Qf7 19. Red1 e4 20. Nd4 f4 21.
Nxc6 f3 22. Qe3 bxc6 23. Rd7 Re7 24. Bh3 Nf4 25. Rxe7 1/2-1/2

[Event "MEDOSZ Hotel 2010"]
[Site "Budapest"]
[Date "2010.11.02"]
[Round "8"]
[White "Mayer, Istvan"]
[Black "Sebestyen, Balazs"]
[Result "0-1"]
[WhiteElo "2079"]
[BlackElo "2227"]
[PlyCount "48"]
[EventDate "2010.10.26"]

1. e4 e6 2. d4 d5 3. Nc3 Bb4 4. a3 Bxc3+ 5. bxc3 c5 6. exd5 Qxd5 7. Nf3 Nf6 8.
Bb5+ Bd7 9. Bxd7+ Nbxd7 10. O-O O-O 11. Qe2 Rac8 12. Be3 b6 13. Qa6 Qc6 14.
Rfd1 Nd5 15. Qd3 c4 16. Qd2 Qa4 17. Ne5 N7f6 18. Re1 Ne4 19. Qc1 Ndxc3 20. Bd2
Nxd2 21. Qxd2 Nd5 22. Re4 c3 23. Qe2 Rc7 24. h4 f5 0-1

[Event "MEDOSZ Hotel 2010"]
[Site "Budapest"]
[Date "2010.11.02"]
[Round "8"]
[White "Schenkerik, Csaba"]
[Black "Molnar, Marton Marcello"]
[Result "1/2-1/2"]
[WhiteElo "2127"]
[BlackElo "1992"]
[PlyCount "23"]
[EventDate "2010.10.26"]

1. e4 c5 2. Nf3 d6 3. d4 cxd4 4. Nxd4 Nf6 5. Nc3 g6 6. Bc4 Bg7 7. Be3 O-O 8. f3
Nc6 9. Qd2 Ne5 10. Bb3 Bd7 11. O-O-O a5 12. a4 1/2-1/2

[Event "MEDOSZ Hotel 2010"]
[Site "Budapest"]
[Date "2010.11.02"]
[Round "8"]
[White "Zala, Gyula"]
[Black "Dombai, Istvan"]
[Result "0-1"]
[WhiteElo "2023"]
[BlackElo "2163"]
[PlyCount "98"]
[EventDate "2010.10.26"]

1. e4 c5 2. a3 e6 3. b4 cxb4 4. axb4 d5 5. e5 Bxb4 6. c3 Bf8 7. d4 g6 8. Bd3
Bg7 9. Ra2 Ne7 10. f4 h5 11. Nf3 Nbc6 12. O-O b6 13. Na3 Na5 14. Nd2 Kf8 15.
Nb3 Nec6 16. Na1 Kg8 17. g3 a6 18. h3 b5 19. N3c2 Nc4 20. Nb3 N6a5 21. Nxa5
Nxa5 22. Ne3 Nc4 23. Rg2 a5 24. Qf3 Ra6 25. g4 hxg4 26. hxg4 Qh4 27. f5 Qh3 28.
fxg6 Qxf3 29. Rxf3 fxg6 30. Bxg6 Ra7 31. Rgf2 Rh4 32. Bf7+ Kh8 33. Bh5 Bh6 34.
Nxc4 Bxc1 35. Nd6 Ba6 36. Rf8+ Kh7 37. R8f7+ Rxf7 38. Rxf7+ Kg8 39. Ra7 b4 40.
Ne8 Be3+ 41. Kg2 Rxh5 42. gxh5 bxc3 43. Nf6+ Kf8 44. Rxa6 c2 45. Rc6 c1=Q 46.
Rxc1 Bxc1 47. Nd7+ Kf7 48. Nc5 Be3 49. h6 Bxd4 0-1